Pokémon Rubis Oméga et Saphir Alpha- Tous les endroits d'Hoenn - Statistiques

Statistiques générales
  • Ce quiz a été pris 26 fois
  • Le résultat moyen est 51 sur 80
Statistiques - réponses
Endroits d'Hoenn dans Pokémon Rubis Oméga et Saphir Alpha % Correct
Bourg-en-Vol
93%
Clémenti-Ville
93%
Atalanopolis
87%
Chenal 127
87%
Chenal 128
87%
Chenal 129
87%
Chenal 130
87%
Chenal 131
87%
Chenal 132
87%
Chenal 133
87%
Chenal 134
87%
Nénucrique
87%
Route 121
87%
Vermilava
87%
Algatia
80%
Chenal 122
80%
Chenal 124
80%
Chenal 125
80%
Chenal 126
80%
Lavandia
80%
Mérouville
80%
Poivressel
80%
Route 101
80%
Route 102
80%
Route 103
80%
Route 104
80%
Route 110
80%
Route 111
80%
Route 112
80%
Route 113
80%
Route 114
80%
Route 115
80%
Route 116
80%
Route 117
80%
Route 118
80%
Route 119
80%
Route 120
80%
Vergazon
80%
Chenal 106
73%
Chenal 107
73%
Chenal 108
73%
Chenal 109
73%
Eternara
73%
Myokara
73%
Rosyères
73%
Route 123
73%
Autéquia
67%
Bois Clémenti
67%
Chenal 105
67%
Cimetronelle
67%
Ligue Pokémon
67%
Route Victoire
67%
Mont Mémoria
60%
Pacifiville
60%
Tunnel Mérazon
60%
Grotte Origine
53%
Lavandia Sea
53%
Mont Chimnée
53%
New Lavandia
53%
Caverne Fondmer
47%
Chemin Ardent
47%
Grotte Granite
47%
Grotte Tréfonds
47%
Sentier Sinuroc
47%
Site Météore
47%
Parc Safari
33%
Pilier Céleste
33%
Planque Aqua
33%
Planque Magma
33%
Atoll de Combat
27%
Centre Météo
13%
Désert Central
13%
Grotte Zénith
13%
Ile du Sud
13%
Ruines Désert
13%
Sanctuaire
13%
Grotte de l'Îlot
7%
(Le) Marina
7%
Tombeau Antique
7%
Maison des Pièges
0%
Aucun quiz correspondant
Distribution des résultats
% des personnes avec chaque résultat
Percentile par nombre de réponses
Votre historique - résultats
Vous n’avez pas pris ce quiz